| 000 | 00576nam a2200217 a 4500 | ||
|---|---|---|---|
| 001 | sa 68009408 | ||
| 003 | DLC | ||
| 005 | 20260227112542.0 | ||
| 008 | 980904s1959 ii a 000 0 tam | ||
| 010 | _asa 68009408 | ||
| 040 |
_aDLC _cDLC |
||
| 050 | 0 | 0 |
_aQP38 _b.S4 |
| 100 | 1 |
_aCēṣāttirinātan̲, En̲., _d1892- |
|
| 245 | 1 | 0 |
_aNamatu uṭal / _cEn̲. Cēṣāttirinātan̲. |
| 246 | 1 | 5 | _aNamadu udal |
| 246 | 1 | 5 | _aHuman body |
| 250 | _a1st ed. | ||
| 260 | 0 |
_aCen̲n̲ai : _bPāri Nilaiyam, _c1959. |
|
| 300 |
_axi, 93 p. : _bill. ; _c19 cm. |
||
| 546 | _aIn Tamil. | ||
| 999 |
_c82904 _d82904 |
||